| 000 | 04460cam a22005054i 4500 | ||
|---|---|---|---|
| 003 | PE-LiUPU | ||
| 005 | 20250731173433.0 | ||
| 008 | 150706s2009 sp r 000 0 spa d | ||
| 020 | _a9788482675671 | ||
| 035 | _a(Sirsi) i9788482675671 | ||
| 040 |
_aPE-LiUPU _bspa _cPE-LiUPU _erda |
||
| 049 | _aPRUA | ||
| 082 | 0 | 4 |
_a230 _bS74 _221 |
| 100 | 1 |
_aSperry Chafer, Lewis, _eautor. |
|
| 245 | 1 | 0 |
_aTeología sistemática / _cLewis Sperry Chafer. |
| 264 | 1 |
_aBarcelona : _bCLIE, _c2009. |
|
| 300 |
_a1132 páginas ; _c24 centímetros |
||
| 336 |
_atext _2rdacontent |
||
| 337 |
_aunmediated _2rdamedia |
||
| 338 |
_avolume _2rdacarrier |
||
| 505 | 0 | _aEclesiología -- Introducción a la Eclesiología -- La iglesia como un organismo -- Particularidades generales -- Contrastes entre Israel y la Iglesia -- Se usan figuras para presentar la relación de la iglesia de Cristo (I-V) -- Siete figuras usadas para revelar la relación de la iglesia a Cristo (VI) el postrer Adán y la nueva creación -- Siete figuras que presentan la relación de la iglesia con Cristo (VII) -- La iglesia organizada -- La regla de vida para el creyente -- Reglas de vida en el antiguo testamento -- Delineación del reino futuro -- La presente dispensación de la gracia -- Contrastes entre la ley y la gracia -- Los sistemas de ley y el judaísmo descartados -- Prólogo a la escatología -- Un breve escrutinio de la historia del milenialismo -- El concepto bíblico de la profecía -- Los principales caminos de la profecía -- Profecía concerniente al Señor Jesucristo -- Profecías tocantes a los pactos de Israel -- Profecía concerniente a los gentiles -- Profecía tocante a Satanás, la maldad y el hombre de pecado -- Profecía tocante al curso y fin de la cristiandad apostata -- Profecía tocante a la gran tribulación -- Profecía tocante a la iglesia -- Principales temas de las profecías del Antiguo Testamento -- Los temas de máxima importancia en el Nuevo Testamento -- Eventos profetizados en su orden -- Los juicios -- El estado eterno -- Cristología -- El Cristo Pre-encarnado -- Introducción a la doctrina del Cristo encarnado -- El nacimiento y la infancia del Cristo encarnado -- El bautismo del Cristo encarnado -- La tentación del Cristo encarnado -- La transfiguración del Cristo encarnado -- Las enseñanzas del Cristo encarnado -- Los milagros del Cristo encarnado -- Sufrimientos y muerte del Cristo encarnado -- La resurrección del Cristo encarnado -- La ascensión y el ministerio actual del Cristo encarnado -- La segunda venida del Cristo encarnado -- El reino mesiánico del Cristo encarnado -- El reino eterno del Cristo encarnado -- Neumatología -- El nombre del Espíritu Santo -- La deidad del Espíritu Santo -- Tipos y símbolos del Espíritu Santo -- El Espíritu Santo y la profecía -- El Espíritu Santo en el Antiguo Testamento -- El carácter distintivo de la presente Era -- La obra del Espíritu Santo en el mundo -- Introducción a la obra del Espíritu Santo en el creyente -- La regeneración y el Espíritu Santo -- La morada del Espíritu Santo -- El bautismo del Espíritu Santo -- Introducción a la responsabilidad del creyente -- Poder para vencer el mal -- Poder para hacer el bien -- Condiciones o prerrequisitos de la llenura -- Doctrinas relacionadas -- Una analogía. | |
| 526 | _aSEG42 | ||
| 526 | _aSEG41 | ||
| 526 | _aSEG40 | ||
| 526 | _aSEG39 | ||
| 526 | _aP94 | ||
| 526 | _aP87 | ||
| 526 | _aP86 | ||
| 526 | _aP85 | ||
| 526 | _aP77 | ||
| 526 | _aP76 | ||
| 526 | _aP35 | ||
| 541 | _g001-0000702; | ||
| 650 | 0 | 4 | _aTeología sistemática. |
| 700 | 1 |
_aChicol, José María, _etraductor. |
|
| 700 | 1 |
_aLievano R., M. Francisco, _etraductor. |
|
| 700 | 1 |
_aMendieta P., Rodolfo, _etraductor. |
|
| 910 |
_agl _clch _d20131114 |
||
| 942 |
_2ddc _cBOOK |
||
| 949 |
_a230 CH14 2 _wDEWEY _c1 _i63237 _lCCODEBUL1 _mBUL _p38.00 _r0 _sY _tBOOK _u2015-6-24 _xTEOLOGIA _PP35 _0COMPRA _o.STAFF. Colección General |
||
| 949 |
_a230 CH14 2 _wDEWEY _c2 _i53012 _d2016-9-9 _e2016-9-6 _lCCODEBUL1 _mBUL _n1 _p38.50 _r0 _sY _tBOOK _u2015-6-24 _xTEOLOGIA _PP35 _0COMPRA _o.STAFF. Colección General |
||
| 994 |
_aC0 _bPEPRU |
||
| 596 | _a1 | ||
| 999 |
_a230 S74 2 _wDEWEY _c55851 _i68468 _d55851 _e2017-10-29 _f2021-11-9 _g5 _lCCODEBUL1 _mBUL _n1 _p48.00 _q2 _r0 _sY _tBOOK _u2015-7-6 _xTEOLOGIA _PP35 _0COMPRA _o.STAFF. Colección Teología |
||
| 980 |
_81 _gALBERTO SANCHEZ Responsable de Automatización |
||